<?xml version="1.0" encoding="UTF-8"?>
<record
    xmlns:xsi="http://www.w3.org/2001/XMLSchema-instance"
    xsi:schemaLocation="http://www.loc.gov/MARC21/slim http://www.loc.gov/standards/marcxml/schema/MARC21slim.xsd"
    xmlns="http://www.loc.gov/MARC21/slim">

  <leader>00311nam a22001337a 4500</leader>
  <datafield tag="999" ind1=" " ind2=" ">
    <subfield code="c">26041</subfield>
    <subfield code="d">26041</subfield>
  </datafield>
  <controlfield tag="005">20200313160308.0</controlfield>
  <controlfield tag="008">200313b           ||||| |||| 00| 0 hin d</controlfield>
  <datafield tag="082" ind1=" " ind2=" ">
    <subfield code="a">MM549</subfield>
  </datafield>
  <datafield tag="245" ind1=" " ind2=" ">
    <subfield code="a">social science index</subfield>
    <subfield code="b">full text</subfield>
  </datafield>
  <datafield tag="260" ind1=" " ind2=" ">
    <subfield code="b">proquest</subfield>
  </datafield>
  <datafield tag="500" ind1=" " ind2=" ">
    <subfield code="a">vol550_96_19</subfield>
  </datafield>
  <datafield tag="650" ind1=" " ind2=" ">
    <subfield code="a">social science</subfield>
  </datafield>
  <datafield tag="942" ind1=" " ind2=" ">
    <subfield code="c">MM</subfield>
  </datafield>
  <datafield tag="952" ind1=" " ind2=" ">
    <subfield code="0">0</subfield>
    <subfield code="4">0</subfield>
    <subfield code="7">0</subfield>
    <subfield code="a">NASSDOC</subfield>
    <subfield code="b">NASSDOC</subfield>
    <subfield code="d">2020-03-13</subfield>
    <subfield code="h">vol.550_96_19</subfield>
    <subfield code="l">0</subfield>
    <subfield code="o">MM0549</subfield>
    <subfield code="p">MM0549</subfield>
    <subfield code="r">2020-03-13 00:00:00</subfield>
    <subfield code="w">2020-03-13</subfield>
    <subfield code="y">MM</subfield>
  </datafield>
</record>
